Том 3; Труды института торфа

書誌詳細
Parent link:Труды института торфа: сборник/ Академия наук Белорусской ССР (АН БССР), Институт торфа (ИТ). Том 3.— , 1951-
その他の著者: Белькевич П. И. (редактор)
言語:ロシア語
出版事項: 1954
主題:
フォーマット: 図書
KOHA link:https://koha.lib.tpu.ru/cgi-bin/koha/opac-detail.pl?biblionumber=205135

MARC

LEADER 00000nam2a2200000 4500
001 205135
005 20231101225248.0
035 |a (RuTPU)RU\TPU\book\223588 
035 |a RU\TPU\book\223542 
090 |a 205135 
100 |a 20111207d1954 k y0rusy50 ca 
101 0 |a rus 
102 |a RU 
105 |a a z 001zy 
200 0 |a Том 3  |f под ред. П. И. Белькевича 
210 |d 1954 
215 |a 147 с.  |c ил. 
320 |a Библиогр. в конце ст. 
461 1 |0 (RuTPU)RU\TPU\book\223500  |t Труды института торфа  |o сборник  |f Академия наук Белорусской ССР (АН БССР), Институт торфа (ИТ)  |v Том 3  |d 1951- 
606 1 |a Торф  |x Использование в народном хозяйстве  |2 stltpush  |3 (RuTPU)RU\TPU\subj\61058  |9 78266 
610 1 |a торфяная промышленность 
610 1 |a микроорганизмы 
610 1 |a переработка 
610 1 |a формующие машины 
610 1 |a торфяники 
610 1 |a Белоруссия 
610 1 |a гуминовые кислоты 
610 1 |a сапропель 
610 1 |a высокозольные торфяные залежи 
675 |a 622.331  |v 3 
702 1 |a Белькевич  |b П. И.  |4 340 
801 1 |a RU  |b 63413507  |c 20111206 
801 2 |a RU  |b 63413507  |c 20160204  |g RCR 
942 |c BK